[Event "Titled Tue 1st Jul Late"]
[Site "chess.com INT"]
[Date "2025.07.01"]
[Round "5"]
[White "Garg, Priyansh"]
[Black "Shendrik, Zhanna"]
[Result "0-1"]
[BlackTitle "WCM"]
[WhiteElo "2089"]
[BlackElo "1990"]
[WhiteFideId "30984696"]
[BlackFideId "24106160"]
[EventDate "2025.07.01"]

1. d4 Nf6 2. Nc3 d5 3. Bf4 e6 4. e3 Bd6 5. Qf3 Bxf4 6. Qxf4 O-O 7. Bd3 Nbd7 8.
g4 c5 9. Nf3 cxd4 10. exd4 a6 11. h4 b5 12. h5 Bb7 13. g5 Ne4 14. Nxe4 dxe4 15.
Bxe4 Bxe4 16. Qxe4 Qa5+ 17. c3 b4 18. g6 bxc3 19. bxc3 Qxc3+ 20. Kf1 Qxa1+ 21.
Kg2 Qxa2 22. gxf7+ Rxf7 23. Qxa8+ Nf8 24. Re1 Qa5 25. Ne5 Rf6 26. Nd7 Qxe1 27.
Nxf6+ gxf6 28. Qxa6 Qe4+ 29. f3 Qxd4 30. h6 Qd2+ 31. Kg3 Qxh6 32. Qd6 Qg6+ 33.
Kf2 Qf5 34. Qe7 h5 35. Kg3 Qg5+ 36. Kh3 Qg6 37. Qb4 Qf5+ 38. Kg3 Qg5+ 39. Kh3 f5
40. f4 Qg4+ 41. Kh2 h4 42. Kh1 Qf3+ 43. Kg1 Qg3+ 44. Kf1 h3 45. Qb7 h2 46. Qh1
Qxf4+ 47. Kg2 Qe4+ 48. Kxh2 Qxh1+ 49. Kg3 Kf7 50. Kf4 Qh4+ 51. Ke5 Qe4+ 52. Kd6
Qd5+ 53. Kc7 e5 54. Kb6 e4 55. Ka7 e3 56. Kb8 e2 57. Ka7 e1=Q 58. Kb8 Qee6 59.
Ka7 Qdd7+ 60. Kb8 Qee8# 0-1

[Event "Titled Tue 1st Jul Late"]
[Site "chess.com INT"]
[Date "2025.07.01"]
[Round "5"]
[White "Bluebaum, Matthias"]
[Black "Shuvalova, Polina"]
[Result "1-0"]
[WhiteTitle "GM"]
[BlackTitle "IM"]
[WhiteElo "2663"]
[BlackElo "2480"]
[WhiteFideId "24651516"]
[BlackFideId "24171760"]
[EventDate "2025.07.01"]

1. d4 Nf6 2. c4 e6 3. Nc3 d5 4. cxd5 Nxd5 5. e4 Nxc3 6. bxc3 c5 7. Rb1 Be7 8.
Bc4 O-O 9. Ne2 b6 10. O-O Bb7 11. Ng3 Nd7 12. Be3 cxd4 13. cxd4 Rc8 14. Bd3 h6
15. Qd2 Nf6 16. h3 Qc7 17. Rfc1 Qd7 18. e5 Nd5 19. Bxh6 gxh6 20. Qxh6 f5 21. Bb5
Rxc1+ 22. Rxc1 Qxb5 23. Qg6+ Kh8 24. Nh5 Bf6 25. exf6 Qd7 26. Qg7+ Qxg7 27.
fxg7+ Kg8 28. gxf8=Q+ Kxf8 29. g3 a5 30. Nf4 Nxf4 31. gxf4 Bd5 32. Rb1 Bxa2 33.
Rxb6 a4 34. Ra6 Bb3 35. Ra7 Ke8 36. h4 Bd1 37. Kg2 a3 38. Rxa3 Kf7 39. Rg3 Kf6
40. f3 Ba4 41. h5 Be8 42. h6 Bg6 43. Rg5 Bh7 44. Rg7 Bg6 45. Kg3 Be8 46. Ra7 Bg6
47. h7 1-0

[Event "Titled Tue 1st Jul Late"]
[Site "chess.com INT"]
[Date "2025.07.01"]
[Round "5"]
[White "Kochetkov, German"]
[Black "Mecit, Emre"]
[Result "0-1"]
[WhiteTitle "IM"]
[WhiteElo "2277"]
[BlackElo "2007"]
[WhiteFideId "13500635"]
[BlackFideId "6304214"]
[EventDate "2025.07.01"]

1. f4 g6 2. Nf3 Bg7 3. g3 Nf6 4. Bg2 O-O 5. O-O d6 6. d4 c5 7. dxc5 dxc5 8. Nc3
Nc6 9. e4 Nd4 10. e5 Ne8 11. Be3 Nxf3+ 12. Qxf3 Nc7 13. Bxc5 Ne6 14. Rad1 Qc7
15. Ba3 Re8 16. Rd2 Qb6+ 17. Kh1 Nd4 18. Qf2 Nf5 19. Qxb6 axb6 20. Nd5 Ra5 21.
Nxb6 Be6 22. Re1 g5 23. g4 Nh4 24. f5 Nxg2 25. Kxg2 Bxa2 26. Rde2 Rb5 27. Na4
Bd5+ 28. Kg3 Bc6 29. Nc3 Ra5 0-1

[Event "Titled Tue 1st Jul Late"]
[Site "chess.com INT"]
[Date "2025.07.01"]
[Round "5"]
[White "Beyer, Lorenz"]
[Black "Marichal Gonzalez, Ariel"]
[Result "1-0"]
[WhiteTitle "CM"]
[BlackTitle "IM"]
[WhiteElo "2226"]
[BlackElo "2268"]
[WhiteFideId "16245393"]
[BlackFideId "3503232"]
[EventDate "2025.07.01"]

1. d4 Nf6 2. Bf4 d5 3. Nf3 Bf5 4. e3 e6 5. Bd3 Bxd3 6. Qxd3 Bd6 7. Bg3 Ne4 8.
Nbd2 Nxd2 9. Nxd2 c6 10. c3 O-O 11. e4 Bxg3 12. hxg3 h6 13. O-O-O Nd7 14. g4 Qg5
15. Qg3 dxe4 16. Rh5 Qg6 17. Rdh1 Nf6 18. R5h4 Rad8 19. Qf4 Nh7 20. Nxe4 Rd5 21.
f3 Ng5 22. Nxg5 Qxg5 23. Qxg5 Rxg5 24. f4 Ra5 25. a3 f6 26. Kd2 Rd8 27. Re1 e5
28. fxe5 fxe5 29. Rh5 Rf8 30. Rhxe5 Rxe5 31. Rxe5 Rf2+ 32. Re2 Rf4 33. Ke3 Rxg4
34. Kf3 Rg5 35. Re8+ Kh7 36. Rb8 Rb5 37. b4 b6 38. Rb7 a5 39. a4 Rf5+ 40. Ke4
Rf2 41. Rxb6 axb4 42. cxb4 Rxg2 43. Rxc6 Ra2 44. a5 Rb2 45. Rb6 h5 46. a6 1-0

[Event "Titled Tue 1st Jul Late"]
[Site "chess.com INT"]
[Date "2025.07.01"]
[Round "5"]
[White "Gyurjinyan, Valter"]
[Black "Korchynskyi, Mykola"]
[Result "0-1"]
[WhiteTitle "CM"]
[BlackTitle "FM"]
[WhiteElo "2208"]
[BlackElo "2335"]
[WhiteFideId "13318179"]
[BlackFideId "34138005"]
[EventDate "2025.07.01"]

1. d4 Nf6 2. c4 e6 3. Nc3 d5 4. cxd5 exd5 5. Bg5 Be7 6. e3 h6 7. Bh4 O-O 8. Bd3
b6 9. Nf3 Bb7 10. O-O c5 11. Ne5 Nbd7 12. f4 Ne4 13. Bxe7 Qxe7 14. Bxe4 dxe4 15.
Nxd7 Qxd7 16. dxc5 Qc6 17. cxb6 Rfd8 18. Qa4 Qxb6 19. Rae1 Rd2 20. b3 Rc8 21.
Nd1 Rcc2 22. Rf2 Qd6 23. Qa5 Qd3 24. Rxd2 Rxd2 25. Nf2 Qc2 26. Rf1 Qxa2 27. Qb5
Ba6 28. Qe8+ Kh7 29. Qxe4+ g6 30. Qe7 Qxb3 31. Ra1 Rxf2 32. Rxa6 Re2 33. h3 Qd5
34. Rxa7 Qxg2# 0-1

[Event "Titled Tue 1st Jul Late"]
[Site "chess.com INT"]
[Date "2025.07.01"]
[Round "5"]
[White "Toktomushev, Teimur"]
[Black "Titichoca Daza, Daniel"]
[Result "1-0"]
[WhiteTitle "FM"]
[BlackTitle "CM"]
[WhiteElo "2390"]
[BlackElo "2126"]
[WhiteFideId "14176726"]
[BlackFideId "3309550"]
[EventDate "2025.07.01"]

1. d4 g6 2. e4 Bg7 3. Nf3 d6 4. Bd3 a6 5. O-O Nd7 6. Re1 e6 7. Nbd2 Ne7 8. h3
O-O 9. c3 e5 10. Nf1 exd4 11. cxd4 c5 12. Bf4 Qb6 13. Qb3 Qxb3 14. axb3 cxd4 15.
Bxd6 Re8 16. N1d2 Nc6 17. Rac1 Nde5 18. Nxe5 Bxe5 19. Nc4 Bxd6 20. Nxd6 Rd8 21.
e5 Kg7 22. f4 Nb4 23. Be4 d3 24. Red1 Be6 25. Nxb7 Bxb3 26. Rd2 Rdc8 27. Nc5 Bc2
28. Bxa8 Rxc5 29. Be4 Rc4 30. Bxd3 Rd4 31. Rdxc2 Rxd3 32. Rc7 Nd5 33. Rd7 Nxf4
34. Rcc7 Rxd7 35. Rxd7 Ne6 36. Rd6 Nc5 37. Rc6 Nd3 38. b3 a5 39. Kf1 g5 40. Ke2
Nxe5 41. Rc5 Kf6 42. Rxa5 h5 43. b4 Ke6 44. Ra6+ Kd5 45. Rh6 h4 46. Rf6 Nc6 47.
Rf5+ Ke6 48. Rxg5 Nxb4 49. Rg4 Nd5 50. Rxh4 f5 51. Kf3 Ke5 52. Ra4 Nf6 53. Ra5+
Ke6 54. Kf4 Nh5+ 55. Kg5 Ng3 56. h4 Ne4+ 57. Kg6 f4 58. h5 Nf6 59. Ra6+ Ke5 60.
Rxf6 1-0

[Event "Titled Tue 1st Jul Late"]
[Site "chess.com INT"]
[Date "2025.07.01"]
[Round "5"]
[White "Labussiere, Victor"]
[Black "Klepek, Witold"]
[Result "1/2-1/2"]
[WhiteTitle "FM"]
[BlackTitle "CM"]
[WhiteElo "2312"]
[BlackElo "2253"]
[WhiteFideId "2183129"]
[BlackFideId "1175068"]
[EventDate "2025.07.01"]

1. c4 e5 2. Nf3 e4 3. Nd4 c5 4. Nc2 Nc6 5. Nc3 f5 6. d4 cxd4 7. Nxd4 Bc5 8. Nxf5
Qf6 9. Ne3 Qg6 10. Ned5 Kd8 11. Bf4 d6 12. e3 Nf6 13. Nxf6 Qxf6 14. a3 Bf5 15.
Qd2 Ne5 16. Nd5 Qe6 17. b4 Bb6 18. c5 Nd3+ 19. Bxd3 Qxd5 20. Bb5 Qxd2+ 21. Kxd2
dxc5 22. Rhd1 Ke7 23. Rac1 cxb4 24. axb4 Rhd8+ 25. Ke2 Rxd1 26. Rxd1 h6 27. Bd6+
Kf7 28. f3 Rc8 29. Rd2 exf3+ 30. gxf3 Rc3 31. e4 Be6 32. Bd3 Bc4 33. Bxc4+ Rxc4
34. Kd3 Rd4+ 35. Kc3 Rxd2 36. Kxd2 Ke6 37. Bc5 Bxc5 38. bxc5 b6 39. cxb6 axb6
40. h4 g5 41. hxg5 hxg5 42. Kc3 Ke5 43. Kc4 g4 44. fxg4 Kxe4 45. Kb5 Kf4 46.
Kxb6 Kxg4 1/2-1/2

[Event "Titled Tue 1st Jul Late"]
[Site "chess.com INT"]
[Date "2025.07.01"]
[Round "5"]
[White "Aaron, Deepak"]
[Black "Gabrielian, Artur"]
[Result "0-1"]
[BlackTitle "GM"]
[WhiteElo "2318"]
[BlackElo "2419"]
[WhiteFideId "2009412"]
[BlackFideId "4131002"]
[EventDate "2025.07.01"]

1. e4 c5 2. Nf3 d6 3. d4 cxd4 4. Nxd4 Nf6 5. Nc3 Nc6 6. Bc4 e6 7. Bb3 a6 8. f3
Bd7 9. Be3 Na5 10. Qd2 b5 11. g4 Be7 12. Nce2 h6 13. O-O-O Rc8 14. Kb1 Qc7 15.
h4 Nc4 16. Bxc4 Qxc4 17. Ng3 d5 18. g5 Ng8 19. Nh5 g6 20. Ng7+ Kf8 21. gxh6 e5
22. Nb3 d4 23. h5 dxe3 24. Qxd7 Rxh6 25. hxg6 e2 26. Nf5 Qxc2+ 27. Ka1 exd1=Q+
28. Rxd1 Rxg6 29. a3 Rg2 30. Rb1 Bxa3 31. Ne3 Bxb2+ 32. Ka2 Bc1+ 33. Nxc2 Rcxc2+
34. Rb2 Rxb2+ 35. Ka1 Rxb3 36. Qc8+ Kg7 37. Qxc1 Rbb2 38. Qe3 Rbe2 39. Qc1 Nf6
40. Kb1 Rb2+ 41. Ka1 Ra2+ 42. Kb1 Rgb2+ 0-1

[Event "Titled Tue 1st Jul Late"]
[Site "chess.com INT"]
[Date "2025.07.01"]
[Round "5"]
[White "Karas, Eugenia"]
[Black "Demchenko, Yaroslav"]
[Result "0-1"]
[WhiteTitle "WFM"]
[BlackTitle "CM"]
[WhiteElo "2124"]
[BlackElo "2263"]
[WhiteFideId "463485"]
[BlackFideId "14186667"]
[EventDate "2025.07.01"]

1. Nf3 d5 2. b3 Nf6 3. Bb2 g6 4. e3 Bg7 5. Be2 O-O 6. O-O c5 7. d4 Nc6 8. Nbd2
cxd4 9. Nxd4 Re8 10. c4 e5 11. Nxc6 bxc6 12. cxd5 cxd5 13. Nf3 Ne4 14. Bb5 Re6
15. Bd3 Nd6 16. Be2 Bb7 17. Rc1 h6 18. Qd2 Ne4 19. Qb4 Rb6 20. Qa5 Qe7 21. Rfd1
g5 22. Nd2 Nxd2 23. Rxd2 d4 24. exd4 exd4 25. Ba3 Qe6 26. Bf1 Qe4 27. Rdd1 Bf6
28. f3 Qe3+ 29. Kh1 Qf4 30. Re1 Kg7 31. Rcd1 h5 32. Be7 Bxe7 33. Rxe7 Bxf3 34.
Rde1 Bb7 35. R7e5 Rg6 36. Bd3 Qf2 37. Rg1 Rf8 38. Bxg6 fxg6 39. Re7+ Kh6 40. Qc7
Qxg2+ 41. Rxg2 Rf1# 0-1

[Event "Titled Tue 1st Jul Late"]
[Site "chess.com INT"]
[Date "2025.07.01"]
[Round "5"]
[White "Shimanov, Aleksandr"]
[Black "Bacrot, Etienne"]
[Result "0-1"]
[WhiteTitle "GM"]
[BlackTitle "GM"]
[WhiteElo "2578"]
[BlackElo "2633"]
[WhiteFideId "4198603"]
[BlackFideId "605506"]
[EventDate "2025.07.01"]

1. e4 c5 2. Nf3 Nc6 3. d4 cxd4 4. Nxd4 Nf6 5. Nc3 e5 6. Nde2 Bc5 7. Ng3 d6 8.
Na4 Bb4+ 9. c3 Ba5 10. b4 Bc7 11. Be2 Be6 12. O-O O-O 13. a3 Rc8 14. Be3 a5 15.
Rb1 Ne7 16. c4 axb4 17. axb4 Ng6 18. Qd2 Nf4 19. Rfc1 Ra8 20. Nc3 Bb6 21. Bf1
Ng4 22. Bxb6 Qxb6 23. Nd5 Bxd5 24. exd5 Qd8 25. h3 Nf6 26. Nf5 g6 27. Ne3 Qd7
28. Rd1 Rfe8 29. c5 Rac8 30. c6 bxc6 31. dxc6 Qxc6 32. Qxd6 Qxd6 33. Rxd6 Ne4
34. Rd7 Nc3 35. Ra1 Ra8 36. Raa7 Rxa7 37. Rxa7 Rb8 38. Bc4 Rxb4 39. Bxf7+ Kh8
40. h4 Nfe2+ 41. Kh2 Rxh4# 0-1

[Event "Titled Tue 1st Jul Late"]
[Site "chess.com INT"]
[Date "2025.07.01"]
[Round "5"]
[White "Sindarov, Javokhir"]
[Black "Plichta, Kamil"]
[Result "1-0"]
[WhiteTitle "GM"]
[BlackTitle "FM"]
[WhiteElo "2710"]
[BlackElo "2361"]
[WhiteFideId "14205483"]
[BlackFideId "1141830"]
[EventDate "2025.07.01"]

1. e4 g6 2. d4 Bg7 3. Nc3 c5 4. Nf3 Qa5 5. Be3 Nf6 6. Qd2 Nc6 7. d5 Nb4 8. Bd3
d6 9. O-O Nxd3 10. cxd3 O-O 11. Bh6 b5 12. Bxg7 Kxg7 13. a3 Qb6 14. b4 Bg4 15.
bxc5 Qxc5 16. Nh4 a5 17. h3 Bd7 18. Rfc1 Qb6 19. Ne2 Rfc8 20. Nf3 Rxc1+ 21. Rxc1
Rb8 22. Ned4 b4 23. axb4 axb4 24. Qb2 Qa6 25. Rc7 Qa3 26. Qxa3 bxa3 27. Ra7 Rb1+
28. Kh2 Rb2 29. Rxa3 Rxf2 30. Ra7 Kf8 31. Nc6 Rc2 32. Ra8+ Be8 33. Ncd4 Rc3 34.
Ne1 Kg7 35. Ra7 Kf8 36. Ra8 h5 37. Kg1 h4 38. Ndf3 Nd7 39. Kf2 Ne5 40. Nxe5 dxe5
41. Ke3 Rb3 42. Nf3 f6 43. Nxh4 Kf7 44. Nf3 Bb5 45. Ne1 Bd7 46. Ra7 Ke8 47. h4
f5 48. g3 Rb1 49. Kd2 Rb2+ 50. Ke3 Rh2 51. Ra8+ Kf7 52. Nf3 Kf6 53. Nxh2 1-0

[Event "Titled Tue 1st Jul Late"]
[Site "chess.com INT"]
[Date "2025.07.01"]
[Round "5"]
[White "Javakhadze, Zurab"]
[Black "Omariev, Maksim"]
[Result "1-0"]
[WhiteTitle "IM"]
[BlackTitle "FM"]
[WhiteElo "2418"]
[BlackElo "2304"]
[WhiteFideId "13603647"]
[BlackFideId "4193423"]
[EventDate "2025.07.01"]

1. Nf3 d5 2. g3 c6 3. Bg2 Nf6 4. O-O Bf5 5. d3 e6 6. c4 Be7 7. Be3 h6 8. Qb3 Qc7
9. Nc3 Nbd7 10. Rac1 Rc8 11. cxd5 exd5 12. Na4 O-O 13. Bf4 Qa5 14. Bd2 Qa6 15.
a3 b5 16. Nc3 Nc5 17. Qc2 Rfe8 18. Nd4 Bg6 19. Bh3 Ncd7 20. Nf5 Bf8 21. Bf4 c5
22. e4 dxe4 23. Nxe4 c4 24. Nxf6+ Nxf6 25. dxc4 Rxc4 26. Qb3 Bc5 27. Ne3 Rxc1
28. Rxc1 Bb6 29. Bg2 Ne4 30. Nd5 Nc5 31. Qc3 Nd3 32. Rf1 Qc8 33. Qxc8 Rxc8 34.
Ne7+ Kh7 35. Nxc8 Nxb2 36. Nxb6 axb6 37. Be3 Nc4 38. Bd4 Nxa3 39. Bxb6 b4 40.
Bd5 1-0

[Event "Titled Tue 1st Jul Late"]
[Site "chess.com INT"]
[Date "2025.07.01"]
[Round "5"]
[White "Filippova, Margarita"]
[Black "Danzer, George"]
[Result "1-0"]
[WhiteTitle "WFM"]
[BlackTitle "CM"]
[WhiteElo "2026"]
[BlackElo "2172"]
[WhiteFideId "34199680"]
[BlackFideId "4659465"]
[EventDate "2025.07.01"]

1. e4 c5 2. c3 d6 3. d4 Nf6 4. Bd3 Nc6 5. Nf3 cxd4 6. cxd4 e5 7. O-O exd4 8. h3
Be7 9. a3 O-O 10. b4 a6 11. Bb2 Ne5 12. Nxd4 Nxd3 13. Qxd3 d5 14. e5 Ne4 15. Nd2
Nxd2 16. Qxd2 Be6 17. f4 Qb6 18. Kh1 f5 19. Rad1 Rfd8 20. Bc3 Rac8 21. Rf3 Rc4
22. Rg3 g6 23. Ba1 Kf7 24. Rd3 Bh4 25. Kh2 Qc7 26. Nxe6 Kxe6 27. Rxd5 Rc2 28.
Rxd8 Rxd2 29. R8xd2 Qc4 30. Rd6+ Ke7 31. Rd7+ Ke8 32. g3 Qe2+ 33. Kg1 Qe3+ 34.
Kh1 Qf3+ 35. Kg1 Qxg3+ 36. Kh1 Qxh3+ 37. Kg1 Qg3+ 38. Kh1 Qf3+ 39. Kg1 Qxf4 40.
R7d3 Bf2+ 41. Kg2 Bb6 42. e6 Qf2+ 43. Kh3 g5 44. Rg3 g4+ 45. Kh4 Bc7 46. Kg5
Qxg3 47. Kf6 Qe5+ 48. Bxe5 Bxe5+ 49. Kxe5 g3 50. Kxf5 1-0

[Event "Titled Tue 1st Jul Late"]
[Site "chess.com INT"]
[Date "2025.07.01"]
[Round "5"]
[White "Assaad, Joe"]
[Black "Oksendal, Martin"]
[Result "0-1"]
[WhiteTitle "CM"]
[BlackTitle "FM"]
[WhiteElo "2170"]
[BlackElo "2235"]
[WhiteFideId "5310504"]
[BlackFideId "1554107"]
[EventDate "2025.07.01"]

1. e4 e5 2. Nf3 Nf6 3. Nxe5 d6 4. Nf3 Nxe4 5. Nc3 Nf6 6. d4 d5 7. Bg5 Be7 8. Bd3
O-O 9. h3 h6 10. Bh4 c6 11. O-O Ne4 12. Bxe7 Qxe7 13. Re1 Nxc3 14. bxc3 Qf6 15.
Rb1 b6 16. Ne5 Nd7 17. Ng4 Qg5 18. Qf3 Nf6 19. Ne5 c5 20. dxc5 bxc5 21. c4 Be6
22. Rb5 Rac8 23. Rb7 Qd2 24. Rd1 Qg5 25. Re1 Qd2 26. Rd1 Qg5 27. Qe2 Rfd8 28.
Nf3 Qf4 29. Re1 dxc4 30. Be4 Qxe4 31. Qxe4 Nxe4 32. Rxe4 Bd5 33. Ree7 Bxb7 34.
Rxb7 Rd1+ 35. Kh2 Rc1 36. Ne5 Rxc2 37. f4 c3 38. Rxa7 Rd8 39. Kg3 Re2 40. Kf3 c2
41. Kxe2 c1=Q 42. Kf3 Qc3+ 43. Kg4 Rd2 44. g3 Rg2 45. Kf5 Qxg3 46. Ra8+ Kh7 47.
Ke4 Re2+ 48. Kd5 c4 49. Kxc4 Qxf4+ 0-1

[Event "Titled Tue 1st Jul Late"]
[Site "chess.com INT"]
[Date "2025.07.01"]
[Round "5"]
[White "Hernandez Bermudez, Ulises Eduardo"]
[Black "Risteski, Emil"]
[Result "0-1"]
[BlackTitle "IM"]
[WhiteElo "2042"]
[BlackElo "2374"]
[WhiteFideId "3902510"]
[BlackFideId "15005267"]
[EventDate "2025.07.01"]

1. e4 d6 2. d4 Nf6 3. Nc3 e5 4. dxe5 dxe5 5. Bg5 Qxd1+ 6. Rxd1 c6 7. Nf3 Nbd7 8.
a3 Be7 9. Bc4 b5 10. Bd3 a6 11. O-O h6 12. Bh4 Nh5 13. Bxe7 Kxe7 14. Be2 Nf4 15.
Rd2 f6 16. Rfd1 Nc5 17. Bf1 Bg4 18. b4 Nb7 19. h3 Be6 20. Nh4 Rhd8 21. a4 Rxd2
22. Rxd2 Nd6 23. a5 g5 24. Nf3 Rc8 25. Kh2 c5 26. bxc5 Rxc5 27. Nd1 Nxe4 28. Ne3
Nxd2 29. Nxd2 f5 30. g3 Nd5 31. Nb3 Rc3 32. Nxd5+ Bxd5 33. Nc1 Rxc2 34. Nd3 Bc4
35. Kg2 Bxd3 36. Bxd3 Ra2 37. Bxf5 Rxa5 38. h4 gxh4 39. gxh4 Kf6 40. Kg3 Ra1 41.
Bd3 b4 42. Kg4 b3 43. Kh5 b2 44. Kxh6 b1=Q 45. Bxb1 Rxb1 46. h5 Rf1 47. Kh7 Rxf2
48. Kg8 Rh2 49. h6 Rxh6 50. Kf8 Rh8# 0-1

[Event "Titled Tue 1st Jul Late"]
[Site "chess.com INT"]
[Date "2025.07.01"]
[Round "5"]
[White "Goncharov, Vladimir"]
[Black "Goltsev, Dmitry"]
[Result "0-1"]
[BlackTitle "FM"]
[WhiteElo "2077"]
[BlackElo "2180"]
[WhiteFideId "34162256"]
[BlackFideId "24176710"]
[EventDate "2025.07.01"]

1. d4 e6 2. c4 d5 3. Nf3 c5 4. cxd5 exd5 5. g3 Nf6 6. Bg2 Nc6 7. O-O h6 8. dxc5
Bxc5 9. Qc2 Bb6 10. Nc3 O-O 11. Na4 Bc7 12. Be3 Re8 13. Rfd1 Ng4 14. Bc5 b6 15.
Bd4 Bb7 16. Nc3 Rc8 17. e3 Nxd4 18. Nxd4 Be5 19. h3 Nf6 20. Nde2 Qe7 21. Qb3
Red8 22. Rac1 Ba6 23. Nd4 Bc4 24. Qa4 Qb7 25. b3 Ba6 26. Nxd5 Nxd5 27. Rxc8 Qxc8
28. Nc6 b5 29. Qe4 Qxc6 30. Qxe5 Bb7 31. e4 Qc2 32. Qd4 Qxa2 33. exd5 Qxb3 34.
Rd2 a5 35. Qb6 Rd7 36. d6 Bxg2 37. Kxg2 a4 0-1

[Event "Titled Tue 1st Jul Late"]
[Site "chess.com INT"]
[Date "2025.07.01"]
[Round "5"]
[White "Boci, Mateu"]
[Black "Rustemov, Alexander"]
[Result "1-0"]
[WhiteTitle "FM"]
[BlackTitle "GM"]
[WhiteElo "2274"]
[BlackElo "2525"]
[WhiteFideId "4704665"]
[BlackFideId "4119002"]
[EventDate "2025.07.01"]

1. e4 e6 2. d4 d5 3. Nd2 dxe4 4. Nxe4 Bd7 5. Nf3 Bc6 6. Bd3 Nd7 7. O-O Ngf6 8.
Ng3 Be7 9. Re1 O-O 10. c4 Bb4 11. Bd2 Bxf3 12. gxf3 Bxd2 13. Qxd2 c6 14. Rad1
Qc7 15. Kh1 Rad8 16. Rg1 g6 17. Qg5 c5 18. Be2 cxd4 19. Rxd4 Qe5 20. Qd2 Qc7 21.
Qg5 Qe5 22. Qd2 Qc7 23. Rd1 Rc8 24. Rxd7 Nxd7 25. Qxd7 Rfd8 26. Qxc7 Rxd1+ 27.
Bxd1 Rxc7 28. Be2 Rd7 29. Ne4 Kf8 30. Kg1 Ke7 31. Kf1 f5 32. Nc5 Rd2 33. Nd3 Rc2
34. c5 e5 35. Nxe5 Rxb2 36. c6 Kd6 37. Nc4+ Kxc6 38. Nxb2 Kc5 39. Ke1 Kb4 40.
Nc4 Kc3 41. Nd6 Kb2 42. Nxb7 Kxa2 43. Kd2 Kb2 44. Na5 h5 45. Nc6 Kb3 46. Nxa7
Kb4 47. f4 Kc5 48. Nc8 Kd5 49. Ne7+ 1-0

[Event "Titled Tue 1st Jul Late"]
[Site "chess.com INT"]
[Date "2025.07.01"]
[Round "5"]
[White "Sadykov, Ramil"]
[Black "Motola, Jacopo"]
[Result "0-1"]
[WhiteTitle "FM"]
[BlackTitle "FM"]
[WhiteElo "2264"]
[BlackElo "2330"]
[WhiteFideId "24113590"]
[BlackFideId "863190"]
[EventDate "2025.07.01"]

1. e4 e5 2. Nf3 Nc6 3. Bc4 Nf6 4. d3 Bc5 5. c3 a6 6. O-O d6 7. Bb3 Ba7 8. h3 h6
9. Re1 O-O 10. d4 exd4 11. cxd4 d5 12. e5 Ne4 13. Nc3 Nxc3 14. bxc3 Bf5 15. Bc2
Qd7 16. Rb1 Rab8 17. Nh4 Bxc2 18. Qxc2 Ne7 19. Ba3 Rfe8 20. Bxe7 Qxe7 21. Nf5
Qe6 22. Re3 Kh8 23. Rg3 Rg8 24. Re1 c5 25. Nd6 cxd4 26. Rf3 Rgf8 27. cxd4 Bxd4
28. Nf5 Ba7 29. Rg3 Rg8 30. Qd3 Rbc8 31. Re2 Bb8 32. f4 Rc1+ 33. Kh2 Qb6 34. Rf3
Qg1+ 35. Kg3 g5 36. Ne7 gxf4+ 37. Kxf4 Rc4+ 38. Kf5 Rg5+ 39. Kf6 Qb6+ 40. e6
fxe6 41. Ng6+ Rxg6+ 42. Kxg6 e5+ 43. Rf6 Rc6 44. Rf2 Qd8 45. Qg3 Rxf6+ 46. Rxf6
Qg8+ 0-1

[Event "Titled Tue 1st Jul Late"]
[Site "chess.com INT"]
[Date "2025.07.01"]
[Round "5"]
[White "Liu, Zachary Hankun"]
[Black "Damaraju, Ashwin"]
[Result "1/2-1/2"]
[WhiteElo "2067"]
[BlackElo "2084"]
[WhiteFideId "2640287"]
[BlackFideId "39908348"]
[EventDate "2025.07.01"]

1. Nf3 Nf6 2. c4 g6 3. b3 Bg7 4. Bb2 O-O 5. g3 c5 6. Bg2 Nc6 7. O-O d5 8. cxd5
Qxd5 9. Ne5 Ne4 10. Nxc6 Qxc6 11. Bxg7 Kxg7 12. d3 Qf6 13. Na3 Nc3 14. Qd2 Bg4
15. f3 Be6 16. Rac1 Nd5 17. e3 Rac8 18. f4 Rfd8 19. Rfd1 Bg4 20. Re1 Nb4 21. Bf1
Bf5 22. e4 Qd4+ 23. Qe3 Be6 24. Qxd4+ cxd4 25. Nb5 a6 26. Rxc8 Bxc8 27. a3 axb5
28. axb4 Be6 29. Rc1 Rd7 30. Rc5 Bxb3 31. Rxb5 Rc7 32. Rc5 Rxc5 33. bxc5 Kf6 34.
e5+ Ke6 35. Bh3+ Kd5 36. Bg2+ Kxc5 37. Bxb7 Bc2 38. Ba6 f6 39. exf6 exf6 40. Kf2
Kb4 41. Ke2 Kc3 42. Bc4 Bb3 43. Bb5 Bd5 44. h3 g5 45. fxg5 fxg5 46. h4 g4 47.
Ba6 Kb4 48. Bc8 Bf3+ 49. Kd2 h6 1/2-1/2

[Event "Titled Tue 1st Jul Late"]
[Site "chess.com INT"]
[Date "2025.07.01"]
[Round "5"]
[White "Watanabe, Akira"]
[Black "Siekanska, Zuzanna"]
[Result "1/2-1/2"]
[WhiteTitle "FM"]
[BlackTitle "WCM"]
[WhiteElo "2284"]
[BlackElo "1864"]
[WhiteFideId "7000227"]
[BlackFideId "21852537"]
[EventDate "2025.07.01"]

1. d4 d5 2. c4 e6 3. Nc3 Nf6 4. Nf3 Bb4 5. e3 O-O 6. Bd3 b6 7. O-O Bb7 8. a3
Bxc3 9. bxc3 dxc4 10. Bxc4 Ne4 11. Bb2 c5 12. Qe2 cxd4 13. cxd4 Ng5 14. Nxg5
Qxg5 15. f3 Nc6 16. Rad1 Rac8 17. Bd3 Rfd8 18. f4 Qh4 19. f5 exf5 20. Rxf5 g6
21. Rf4 Qg5 22. Rdf1 Rc7 23. Bc4 Rf8 24. h4 Qg3 25. R1f3 Nxd4 26. Bxd4 Bxf3 27.
Rxf3 Qxh4 28. Rh3 Qg5 29. Bd3 Rd8 30. Qf3 Rc1+ 31. Kh2 Rd1 32. Bc4 Rf8 33. Bc3
Rc1 34. Bb4 Rxc4 35. Bxf8 Kxf8 36. Qa8+ Kg7 37. Qxa7 Qe5+ 38. Kg1 Rc1+ 39. Kf2
Rc2+ 40. Kg1 Rc1+ 41. Kf2 Rc2+ 42. Kg1 Qa1+ 43. Kh2 Qe5+ 44. Kg1 1/2-1/2

[Event "Titled Tue 1st Jul Late"]
[Site "chess.com INT"]
[Date "2025.07.01"]
[Round "5"]
[White "Christiansen, Johan-Sebastian"]
[Black "Ribeiro, Gustavo"]
[Result "0-1"]
[WhiteTitle "GM"]
[BlackTitle "FM"]
[WhiteElo "2642"]
[BlackElo "2314"]
[WhiteFideId "1512668"]
[BlackFideId "1941852"]
[EventDate "2025.07.01"]

1. e4 e5 2. Nf3 Nc6 3. Nc3 Nf6 4. a3 d5 5. Bb5 dxe4 6. Nxe5 Qd6 7. d3 Qxe5 8. d4
Qd6 9. d5 a6 10. Ba4 b5 11. Bb3 Na5 12. Ba2 Bg4 13. Qd4 c5 14. Qe3 Nc4 15. Bxc4
bxc4 16. f3 Bh5 17. fxe4 Qe5 18. O-O Bd6 19. Qh3 Bg4 20. Qh4 h6 21. h3 Qh2+ 22.
Kf2 O-O-O 23. Ke3 Qxg2 24. Rxf6 gxf6 25. Qxg4+ Qxg4 26. hxg4 Rdg8 27. Kf3 h5 28.
g5 fxg5 29. Be3 g4+ 30. Kg2 h4 31. e5 h3+ 32. Kh1 Bxe5 33. Ne4 g3 34. Bg5 g2+
35. Kg1 h2+ 36. Kxg2 f6 37. Rh1 fxg5 38. Nxc5 Rh4 39. Ne6 Rg6 40. b3 Rg4+ 41.
Kf3 Rg1 42. Rxh2 Bxh2 43. bxc4 Rf6+ 44. Ke4 g4 45. c5 Re1+ 46. Kd3 Rexe6 0-1